| 000 | 00718nam a2200217 u 4500 | ||
|---|---|---|---|
| 005 | 20260207063954.0 | ||
| 008 | 180413s2016 mx r 000 0 spa d | ||
| 020 | _a9786079722517 | ||
| 035 | _aUPN01000224000 | ||
| 049 | _aCG | ||
| 050 | 4 |
_aH62 _bT7.2 |
|
| 245 | 0 | 0 |
_aTrabajo de campo : _bdiferentes senderos desde los estudios sociales / _ccoord. Brigitte Lamy. |
| 260 |
_aMéxico : _bUniversidad de Guanajuato : _bItaca, _c2016. |
||
| 300 |
_a222 p. : _bil., figs. |
||
| 650 | 4 |
_aCIENCIAS SOCIALES - _xTRABAJO DE CAMPO _926978 |
|
| 650 | 2 |
_aTrabajo de campo (método educativo) _926979 |
|
| 650 | 4 |
_aInvestigación _xMetodología _95209 |
|
| 700 | 1 |
_aLamy, Brigitte, _ecoord. |
|
| 905 | _aLibro | ||
| 999 |
_c196097 _d196097 |
||